| 000 | 01182nam a2200325 i 4500 | ||
|---|---|---|---|
| 001 | 000025599 | ||
| 003 | DO-SdBNP | ||
| 005 | 20231004112312.0 | ||
| 007 | ta | ||
| 008 | 110218s1975 dr a 000 0 spa d | ||
| 040 |
_aDO-SdBNP _bspa _cBNPHU _erda |
||
| 082 | 4 |
_a304.6097293 _bR426pr, 1920 _222 |
|
| 110 | 1 |
_aRepública Dominicana _9447 |
|
| 245 | 1 | 0 | _aPrimer censo nacional de la República Dominicana 1920. |
| 250 | _a2a ed. | ||
| 264 |
_aSanto Domingo : _bUASD, _c1975. |
||
| 300 |
_a160 páginas : _bilustraciones, mapas, fotos. ; _c22 cm. |
||
| 336 |
_2rdacontent _atexto _btxt |
||
| 337 |
_2rdamedia _asin mediación _bn |
||
| 338 |
_2rdacarrier _avolumen _bnc |
||
| 490 |
_aPublicaciones de la Universidad Autónoma de Santo Domingo _v168 |
||
| 490 |
_aHistoria y sociedad _v14 |
||
| 590 | _aInventariado, 2020 / DG | ||
| 651 | 4 |
_aRepública Dominicana _xPoblación _xEstadísticas _92322 _y1920 |
|
| 651 | 4 |
_aRepública Dominicana _xCensos _y1920 _978752 |
|
| 651 | 4 |
_aRepública Dominicana _xPoblación _91423 _y1920 |
|
| 710 | 2 |
_aUniversidad Autónoma de Santo Domingo _976692 |
|
| 910 | _aInventariado, 2020 / DG/Validado. Control de calidad MFF | ||
| 942 |
_2ddc _cLBS1 |
||
| 999 |
_c25091 _d25091 |
||